000 00342nam a2200133 i 4500
001 bg
100 1 _aJacob, François
_d(1920-1984).
245 1 0 _aGra możliwości :
_besej o różnorodności życia /
_cF. Jacob.
260 _aWarszawa,
_c1987.
040 _cBPK
041 _apol
942 _cKS
008 s pl f |000 0 pol
999 _c23665
_d23665
856 _uhttp://koha.tu.koszalin.pl/cgi-bin/koha/opac-detail.pl?biblionumber=23665
_yKatalog online BPK